000 00552nam a2200217Ia 4500
003 0100
008 130303s9999 xx 000 0 und d
020 _a521777704
040 _cARRUPELIB
050 _aK3224.R832000
100 _aRubio-Marin, Ruth
245 _aImmigration as a democratic challenge
245 _bCitizenship and inclusion in Germany and the United States
260 _aCambridge
260 _bUniversity press
260 _C2000
300 _aviii
300 _b 270p.22cm.
700 _aRuth Rubio-Marin
942 0 0 _01
999 _c12940
_d12940